00487nam a2200157Ia 4500008004100000040001900041041001200060082002800072100003300100245005400133260002800187300002600215504005000241650002800291850001000319131103s9999 xx 000 0 und d aLoreto College aEnglish a954.01/RAYbLCLIB/19056 aRay,Archaryya Jogesh Chandra aAncient Indian lifecArcharyya Jogesh Chandra Ray aCalcuttabP.R.Senc1948 aviii,212 p. c 21 cm. aIncludes index and bibliographical references aIndia - Ancient History aLCLIB